| 000 -LEADER |
| fixed length control field |
00490nam a22001577a 4500 |
| 008 - FIXED-LENGTH DATA ELEMENTS--GENERAL INFORMATION |
| fixed length control field |
151006b xxu||||| |||| 00| 0 eng d |
| 020 ## - INTERNATIONAL STANDARD BOOK NUMBER |
| International Standard Book Number |
0669433942 |
| 041 0# - LANGUAGE CODE |
| Language code of text/sound track or separate title |
eng |
| 080 ## - UNIVERSAL DECIMAL CLASSIFICATION NUMBER |
| Universal Decimal Classification number |
512.5 |
| 245 10 - TITLE STATEMENT |
| Title |
Heath algebra 2: |
| Statement of responsibility, etc |
Roland E. Larson; Timothy D. Kanold; Lee Stiff; |
| 260 ## - |
| -- |
Canada: |
| -- |
Heath and Company, A division of Houghton Mifflin Company; |
| -- |
1998. |
| 300 ## - |
| -- |
944 f.: |
| -- |
me il.; |
| -- |
26 cm. |
| 650 #0 - |
| -- |
Algjebra |
| 650 #0 - |
| -- |
Matematik |
| 942 ## - ADDED ENTRY ELEMENTS (KOHA) |
| Source of classification or shelving scheme |
|
| Item type |
Books |